Jak se "Whal-Mart" stala americkou jedničkou
Marketingová stratégia amerických obchodných domov Whal-Mart. Formulovanie niektorých obchodných princípov zakladateľa firmy Sama Waltona.
Saved in:
| Format: | Book Chapter |
|---|---|
| Language: | Czech |
| Subjects: | |
| Tags: |
No Tags, Be the first to tag this record!
|
MARC
| LEADER | 00000naa a2200000 4500 | ||
|---|---|---|---|
| 001 | r024409 | ||
| 005 | 20221213090155.3 | ||
| 041 | 0 | |a cze | |
| 044 | |a SK | ||
| 245 | 1 | 0 | |a Jak se "Whal-Mart" stala americkou jedničkou |
| 520 | |a Marketingová stratégia amerických obchodných domov Whal-Mart. Formulovanie niektorých obchodných princípov zakladateľa firmy Sama Waltona. | ||
| 610 | 2 | 0 | |a stratégia marketingová |
| 610 | 2 | 0 | |a Wal-Mart |
| 610 | 2 | 0 | |a USA |
| 610 | 2 | 0 | |a domy obchodné |
| 610 | 2 | 0 | |a marketing |
| 610 | 2 | 0 | |a USA |